000 00307nam a22001337a 4500
008 170616b xxu||||| |||| 00| 0 eng d
020 _a660813014955
041 _aeng
080 _a32
100 _a20
101 _ashp
245 _aCHOOSING THE PRESIDENT 2004
_cLEAGUE OF WOMEN VOTERS
942 _2udc
_cBK
999 _c17809
_d17809